|
|
|
|
| LEADER |
00000nab a2200000 a 4500 |
| 001 |
vtls011131418 |
| 003 |
SK-MaSNL |
| 005 |
20260303150856.0 |
| 008 |
230222|1978 xo |||||||||||||||||slo| |
| 015 |
|
|
|a SNBRB
|
| 035 |
|
|
|a (uuid)5927abbe-924e-49a1-994a-c722b184fd5e
|
| 035 |
|
|
|a (urnnbn)urn:nbn:sk:snk:ar-a09lbi
|
| 035 |
|
|
|a urn:nbn:sk:snk-aba92v
|
| 040 |
|
|
|a SNKBUCL
|b slo
|c SNKBUCL
|e AACR2
|
| 041 |
0 |
|
|a slo
|
| 044 |
|
|
|a xo
|c SK
|
| 100 |
1 |
|
|a Hladík, Milan,
|d 1937-
|4 aut
|9 110976
|
| 245 |
1 |
0 |
|a VÝŠKOVÁ ŠTRUKTÚRA A RAST ZMIEŠANÝCH DUBOVO-BUKOVÝCH PORASTOV
|c Milan Hladík
|
| 773 |
0 |
|
|t Zborník vedeckých prác Lesníckej fakulty Vysokej školy lesníckej a drevárskej vo Zvolene
|g Roč. 20, č. 1 (1978), s. 53-69
|
| 954 |
|
|
|a odborná, vedecká literatúra pôvodná (slovenská)
|2 lita
|
| 958 |
|
|
|a OND
|
| 958 |
|
|
|a EUIPO
|
| 958 |
|
|
|a article13
|
| 999 |
|
|
|c 2014154
|d 2016084
|